Estado de emergencia
Đã lưu trong:
| Tác giả chính: | |
|---|---|
| Định dạng: | Sách |
| Ngôn ngữ: | Tiếng Tây Ban Nha |
| Được phát hành: |
Valparaíso
Ediciones Universitarias de Valparaíso
1972
|
| Phiên bản: | 1a. ed |
| Những chủ đề: | |
| Các nhãn: |
Thêm thẻ
Không có thẻ, Là người đầu tiên thẻ bản ghi này!
|
MARC
| LEADER | 00000nam a2200000 a 4500 | ||
|---|---|---|---|
| 001 | UCJ4720 | ||
| 003 | CL-VaPUC | ||
| 008 | 070124e19721100CL |||||||||||||||||spa|d | ||
| 082 | 0 | 4 | |a Ch861 |b ROD |2 21 |
| 100 | 0 | |a Rodríguez Musso, Osvaldo |e author |9 508910 | |
| 245 | 1 | 0 | |a Estado de emergencia |
| 250 | |a 1a. ed | ||
| 300 | |a 52 p | ||
| 942 | |c BK | ||
| 945 | |d 20070124 00:00:00 |a rinostro | ||
| 260 | |a Valparaíso |b Ediciones Universitarias de Valparaíso |c 1972 | ||
| 500 | |a Ilustraciones alusivas a los sucesos del llamado Paro de octubre, que, el año 1972 se constituyó en la primera y masiva demostración de oposición al Presidente Allende el que, para salvar la situación llamó a su Gabinete a los Jefes de las Fuerzas Armadas | ||
| 600 | 0 | 7 | |a EDICIONES UNIVERSITARIAS DE VALPARAISO |2 CL-VaPUC |9 504560 |
| 650 | 0 | |a Poesía chilena |9 268403 | |
| 650 | 7 | |a PARO NACIONAL DE OCTUBRE 1972 |2 CL-VaPUC |9 508911 | |
| 583 | |a last modification |c 20070124 00:00:00 |k Rodrigo Vera | ||
| 999 | |c 320836 |d 320834 | ||
| 952 | |0 0 |1 0 |4 0 |6 CH_861_000000000000000_ROD_1972 |7 0 |8 X |9 399441 |a FDOBUD |b FDOBUD |d 2019-11-22 |i 102390K |o Ch861 ROD 1972 |p 102390K |r 2019-11-22 |w 2019-11-22 |y BK_X |k BUD | ||